| 000 | 00495nam a2200169Ia 4500 | ||
|---|---|---|---|
| 999 |
_c885 _d885 |
||
| 003 | OSt | ||
| 005 | 20210816142612.0 | ||
| 008 | 190216s9999||||xx |||||||||||||| ||und|| | ||
| 040 | _coclc | ||
| 082 |
_a892.7 _bFAL/A |
||
| 100 |
_aFalilillah _98660 |
||
| 245 | 4 |
_aThe Arab Spring : _bA Collection Of Modern Arabic Prose / _cFalilillah |
|
| 260 |
_bAl Huda Book Stall, _c2011. _aCalicut: |
||
| 300 | _a128p | ||
| 650 | _aArabic | ||
| 942 |
_cBK _2ddc _h892.7 _iFAL/A _k892.7 _mFAL/A |
||